Leyes internas de la sociedad. Una nueva sociología

Bewaard in:
Bibliografische gegevens
Hoofdauteur: Sturzo, Luigi (Auteur)
Formaat: Boek
Taal:Spaans
Gepubliceerd in: Buenos Aires Difusión 1946
Reeks:Biblioteca de Sociología, 1
Onderwerpen:
Tags: Voeg label toe
Geen labels, Wees de eerste die dit record labelt!

MARC

LEADER 00000nam a2200000 a 4500
001 UCR4346
003 CL-VaPUC
005 20250107131606.0
008 980307e19460000AG |||||||||||||||||spa|d
999 |c 267289  |d 267287 
040 |c Pontificia Universidad Católica de Valparaíso 
082 0 4 |a 301  |b STU  |2 21 
100 0 |a Sturzo, Luigi  |e author  |9 404294 
245 1 0 |a Leyes internas de la sociedad. Una nueva sociología 
260 |a Buenos Aires  |b Difusión  |c 1946 
300 |a 297 p 
490 0 |a Biblioteca de Sociología, 1 
583 |a last modification  |c 19980307 00:00:00  |k Rodrigo Vera 
650 0 |a Sociología   |9 255410 
650 0 |a Sociedad  |9 307903 
650 0 |a Historicismo  |9 318908 
650 0 |a Socialización  |9 309940 
650 0 |a Familias   |9 255641 
650 0 |a Política  |9 255312 
650 0 |a Religión   |9 255164 
650 0 |a Economía   |9 255568 
650 7 |a COMUNIDAD INTERNACIONAL  |2 CL-VaPUC  |9 404295 
650 0 |a Moral  |9 265913 
650 0 |a Estado  |9 255503 
942 |c BK  |2 ddc 
945 |d 19980307 00:00:00  |a aolguin 
952 |0 0  |1 0  |4 0  |6 301_000000000000000_STU_1946  |7 0  |8 DER_TF  |9 299560  |a BIBDER  |b BIBDER  |d 2019-11-20  |i 1952854  |o 301 STU 1946  |p 1952854  |r 2023-01-25  |w 2019-11-20  |x Ubicación 4to Piso  |y BK  |z Estos recursos deben solicitarse con anticipación  |k DER